Language Quiz

Random Language or Letter Quiz

Three Letter 'B' Words Quiz Stats

 Plays Quiz Updated Feb 17, 2016

Challenge
Share
Tweet
Embed
Score 0/53 Timer 04:00
1 Play Today
Word % Correct
bat
97.5%
ban
96.5%
bad
96.5%
bar
95.4%
bag
95.2%
bet
94.7%
bam
94.2%
bit
94%
bin
93.4%
bed
92.3%
ben
91.7%
beg
91.1%
big
91%
bap
90.5%
bas
90%
bid
89.9%
bay
89.6%
bot
88.9%
bee
88.8%
bal
88.2%
bop
87.7%
bah
87.7%
but
87.7%
bog
87.5%
bod
87.1%
baa
86.5%
bob
83.9%
Word % Correct
bun
83.9%
bel
83.8%
boy
83.7%
bow
83.5%
bis
82.5%
bib
82.4%
bes
82%
bey
80%
bug
80%
bud
79.8%
bum
79.5%
boa
78.3%
bos
77.7%
bus
77.1%
box
76.2%
bio
75.9%
biz
74.6%
boo
74.1%
bur
74.1%
buy
72.3%
bub
70.4%
bye
61.2%
bra
53.3%
bro
50.8%
bys
26.4%
brr
20.7%

You're not logged in!

Compare scores with friends on all Sporcle quizzes.
OR
Log In

You Might Also Like...

Show Comments

Extras

Top Quizzes Today


Score Distribution

Your Account Isn't Verified!

In order to create a playlist on Sporcle, you need to verify the email address you used during registration. Go to your Sporcle Settings to finish the process.

Report this User

Report this user for behavior that violates our Community Guidelines.

Details: